India: census and you (basic results from census 2001 catalogue and services) (Record no. 486767)

000 -LEADER
fixed length control field 00461cam a22001337a 4500
008 - FIXED-LENGTH DATA ELEMENTS--GENERAL INFORMATION
fixed length control field 180718b2005 xxu||||| |||| 00| 0 eng d
082 ## - DEWEY DECIMAL CLASSIFICATION NUMBER
Classification number A81x54 01/1C
100 ## - MAIN ENTRY--PERSONAL NAME
Personal name Census of India 2001
245 ## - TITLE STATEMENT
Title India: census and you (basic results from census 2001 catalogue and services)
260 ## - PUBLICATION, DISTRIBUTION, ETC.
Place of publication, distribution, etc. Delhi
Name of publisher, distributor, etc. Office of Registrar General & Census Commissioner, India
Date of publication, distribution, etc. 2005
300 ## - PHYSICAL DESCRIPTION
Extent v.p.
440 ## - SERIES STATEMENT/ADDED ENTRY--TITLE
Title Census of India 2001. Series 1, India
650 ## - SUBJECT ADDED ENTRY--TOPICAL TERM
Topical term or geographic name entry element India - Census
Holdings
Withdrawn status Lost status Damaged status Not for loan Permanent Location Current Location Date acquired Full call number Barcode Date last seen Price effective from Koha item type
        Indian Institute of Public Administration Indian Institute of Public Administration 2018-08-04 A81x54 01/1C G20753 2018-08-04 2018-08-04 G

Powered by Koha